KOHA-Header-6

GRE Physics (Record no. 10102)

000 -LEADER
fixed length control field 00249nam a2200109Ia 4500
100 ## - MAIN ENTRY--AUTHOR NAME
Personal name Molitoris,Joseph
245 #0 - TITLE STATEMENT
Title GRE Physics
260 ## - PUBLICATION, DISTRIBUTION, ETC. (IMPRINT)
Place of publication India
Name of publisher S. Chand
Year of publication 2001
300 ## - PHYSICAL DESCRIPTION
Number of Pages 2007
942 ## - ADDED ENTRY ELEMENTS (KOHA)
Koha item type Books
Holdings
Withdrawn status Lost status Collection code Permanent Location Current Location Shelving location Date acquired Full call number Accession Number Koha item type
    Physics MAJU MAJU Shelf No.B31 2019-09-14 530 6205 Physics

Powered by Koha